Milwaukee Bucks Quiz - Statistics

General Stats
  • This quiz has been taken 167 times
  • The average score is 22 of 37
Answer Stats
Answer % Correct
1
95%
1
95%
Eastern
94%
2
89%
2
89%
Forest Green
87%
4
85%
White
85%
8
84%
10
80%
14
80%
14
80%
Milwaukee, Wisconsin
76%
Wisconsin Herd
76%
33
74%
Central
74%
Kareem Abdul-Jabbar
74%
Black
73%
16
68%
1968
68%
32
66%
Ocean Boat Blue
62%
Oscar Robertson
62%
Mike Budenholzer
56%
Fiserv Forum
52%
Sidney Moncrief
48%
Cream City cream
39%
Marques Johnson
26%
Harley-Davidson
24%
Bob Dandridge
20%
Jon Horst
20%
Brian Winters
17%
Bob Lanier
16%
Jon McGlocklin
13%
Junior Bridgeman
12%
Wes Edens, Marc Lasry, Jamie Dinan, Mike Fascitelli
11%
Peter Feigin
9%
No matching quizzes found
Score Distribution
Percent of People with Each Score
Percentile by Number Answered
Your Score History
You have not taken this quiz